Представление документа в формате MARC21

Поле Инд. ПП Название Значение
Тип записи a
Библиографический уровень m
001 Контрольный номер 493f6795-baa3-4616-beff-b437454e89a1
005 Дата корректировки 20131111133816.7
008 Кодируемые данные 000619 d
020 a ISBN 5-7464-0591-4
c Цена, тираж 2.70
080 a Индекс УДК 614.253
084 a Индекс другой классификации/Индекс ББК Р11(2)п
090 x Авторский знак К18
a Полочн. индекс Р11(2)п
100 1_ a Автор Камбург Роман Аронович
245 00 a Заглавие Поэзия и проза врачевания
c Ответственность Р. А. Камбург
260 0_ a Место издания Казань
c Дата издания 1991
300 a Объем 94,[2] с.
b Иллюстрации/ тип воспроизводства ил.
650 a Основная рубрика Медицина
x Основная подрубрика Деонтология
653 a Ключевые слова Деонтология
852 t Порядковый номер экземпляра 1
p Инвентарный номер 634117
999 a Подразделение 2 Фил3